The law of evidence
Na minha lista:
| Autor principal: | |
|---|---|
| Outros Autores: | |
| Formato: | Livro |
| Publicado em: |
Allahabad :
Central law agency,
2001.
|
| Assuntos: | |
| Tags: |
Adicionar Tag
Sem tags, seja o primeiro a adicionar uma tag!
|
MARC
| LEADER | 00000nam a2200000 4500 | ||
|---|---|---|---|
| 005 | 20260608055438.0 | ||
| 020 | |a N/A |c TZS 7,182/= | ||
| 040 | |a MCCL |b Eng. |e AACR 2nd rev. ed. | ||
| 082 | |a 347.06 LAL | ||
| 100 | |a Lal, Batuk | ||
| 245 | |a The law of evidence |c / Batuk Lal | ||
| 260 | |a Allahabad : |b Central law agency, |c 2001. | ||
| 300 | |a xiii, 455p. : |c 23 cm. | ||
| 546 | |a Eng. | ||
| 650 | |a Law of evidence | ||
| 650 | |a Documentary evidence | ||
| 650 | |a Effects of evidence | ||
| 700 | |a Batul, Lal | ||
| 942 | |c BK | ||
| 999 | |c 12745 |d 12745 | ||